| 000 | 03834nam a22003857i 4500 | ||
|---|---|---|---|
| 001 | B-12208 | ||
| 003 | CO-BoFNCP | ||
| 007 | t|| | ||
| 008 | 090820s2009 ck r spa d | ||
| 040 |
_aCO-BoFNCP _bspa _cCO-BoFNCP _erda |
||
| 041 | _aspa | ||
| 043 | _ack | ||
| 084 | _aA- | ||
| 100 | 1 |
_aMartínez L., Gerardo, _eautor. _4aut _933358 |
|
| 245 | 0 | 0 | _aEvaluación y cuantificación de estructuras de Phytophthora palmivora, el responsable de la pudrición del cogollo (PC) de la palma de aceite. |
| 264 | 1 |
_aPalmira : _bAscolfi, _c2009. |
|
| 300 |
_apáginas 45-50 : _bFotografías. |
||
| 336 |
_atexto _btxt _2rdacontent |
||
| 337 |
_asin mediación _bn _2rdamedia |
||
| 338 |
_avolumen _bnc _2rdacarrier |
||
| 504 | _aIncluye referencias bibliográficas. | ||
| 520 | _aUna vez identificado Phytophthora palmivora como el agente causal primario de la pudrición de cogollo de la palma de aceite, se evaluó su crecimiento y desarrollo en diferentes medios y se cuantificó la formación de clamidosporas y esporangios. Los aislamientos se obtuvieron usando como trampa frutos de cacao inoculados directamente con el tejido de plantas de palma de aceite afectadas por PC. Se utilizaron como sustrato: agar-avena, agar-avena más antibiótico, agar-agua, PDA + zanahoria, jugo de vegetales y agar-jugo de pera, entre otros, midiendo el crecimiento del pseudohongo y la presencia de estructuras reproductivas. Para promover la esporulación se inoculó el microorganismo en frutos de papaya, cacao, pera, manzana, naranja y pimentón. El mayor desarrollo se logro en agar-avena, agar-avena más antibiótico y agar-pera. En agar-avena más antibióticos, el micelio desarrolló una colonia de apariencia algodonosa; en agar-pera en forma de roseta, ligeramente levantado; en agar-papaya en forma de roseta, pegado al emdio, presentando el mayor número de esporangios, 24 por campo, y en promedio cinco clamidosporas; en agar V8 el micelio presentó forma de estrella ligeramente levantado y en agar-malta fue fue levantado y esponjoso, similar al de agar-avena pero un poco compacto; y en agar-agua se desarrolló inmerso en el medio de manera lenta. En todos los casos el crecimiento micelial de P. palmivora fue delgado, delicado y de consistencia aparentemente acuosa, características que dificultaron su recuperación y multiplicación, pero a su vez fueron una herramienta de diferenciación con otros microorganismos. En los frutos inoculados se registraron diferencias en la presencia de estructuras. El mayor crecimiento micelial se obtuvo en papaya; en pera la esporulación se presentó en pequeños copos o montículos; en manzana no se observo desarrollo de micelio, ni de esporangios o clamidosporas; en pimentón se produjo descomposición rápida del tejido, acompañado con olor desagradable y abundante micelio cubriendo la pulpa. P. palmivora se desarrolló bien en diferentes medios de cultivo, una vez eliminada la competencia con otros microorganismos. Los frutos de cacao como trampa para la captura del patógeno permitieron iniciar el proceso de aislamiento y purificación. Con papaya, pera y pimentón se logró buen crecimiento micelial y abundantes esporangios y clamidosporas. El perfeccionamiento de esta técnica confirmará el diagnóstico de la PC directamente en las plantaciones. | ||
| 650 | 0 |
_aEnfermedades de las plantas. _99341 |
|
| 650 | 0 |
_aPudrición del cogollo _930852. |
|
| 650 | 0 |
_aPalma de aceite _937678. |
|
| 700 | 1 |
_aNoreña, Cristián _944277. |
|
| 700 | 1 |
_aSarria, Greicy A. _941330. |
|
| 700 | 1 |
_aTorres, Gabriel A. _941331. |
|
| 700 | 1 |
_aVarón, Francia _941332. |
|
| 700 | 1 |
_aVélez, Diana C. _941333. |
|
| 773 | 0 |
_aFitopatología Colombiana _gv. 32, no. 2 (Febrero 2009), p.45-50 _wA- _x0120-0143 |
|
| 942 |
_2z _c1 |
||
| 999 |
_c26556 _d26556 |
||
| 999 | _z1 | ||